Top 20 countries by Human Development Index - Statistics

General Stats
  • This quiz has been taken 39 times
  • The average score is 18 of 20
Answer Stats
# Value Country % Correct
11 0,940 Finland
100%
9 0,942 Germany
100%
2 0,961 Norway
100%
7 0,947 Sweden
100%
6 0,948 Denmark
97%
10 0,941 Netherlands
97%
13 0,937 Belgium
94%
3 0,959 Iceland
94%
18 0,929 United Kingdom
94%
15 0,936 Canada
91%
17 0,930 Luxembourg
91%
19 0,925 South Korea
91%
5 0,951 Australia
89%
19 0,925 Japan
89%
16 0,935 Liechtenstein
89%
1 0,962 Switzerland
89%
8 0,945 Ireland
86%
12 0,939 Singapore
83%
13 0,937 New Zealand
80%
4 0,952 Hong Kong
23%
No matching quizzes found
Score Distribution
Percent of People with Each Score
Percentile by Number Answered
Your Score History
You have not taken this quiz